Are You Smarter Than a College Student? XXIV Quiz Stats

Quiz Updated Jul 21, 2015

Challenge
Share
Tweet
Embed
Score 0/30 Timer 07:00
31 Plays Today
Hint Answer % Correct
EasyAlcatraz
92.2%
Easyhazel
91.5%
EasyBrazil
90.8%
Easykamikaze
82.1%
EasyNazi
82%
EasyAmazon
81.5%
EasyAztec
73.5%
EasyThe Dukes of Hazzard
70.8%
Easymagazine
68.1%
EasyGaza strip
67.1%
Mediumlazy susan
66.2%
Mediumgazelle
63.6%
MediumTrail Blazers
63.3%
Mediumbazooka
60.8%
Mediumjazz
60.1%
Hint Answer % Correct
MediumFrazier
59%
Mediummazel tov
58.1%
MediumLazarus
57.4%
MediumKazakhstan
47.8%
HardIggy Azalea
46.9%
Hardtopaz
46.3%
MediumLa Paz
46%
HardBenghazi
40.1%
HardDesi Arnaz
38.9%
HardMazda
31.1%
HardKaramazov
29.9%
HardCrazy Horse
28.3%
HardShiraz
24%
HardElia Kazan
13.9%
HardDiego Velázquez
8.4%

You're not logged in!

Compare scores with friends on all Sporcle quizzes.
Join for Free
OR
Log In

Show Comments

Extras

Top Quizzes Today


Score Distribution

Your Account Isn't Verified!

In order to create a playlist on Sporcle, you need to verify the email address you used during registration. Go to your Sporcle Settings to finish the process.

Report this User

Report this user for behavior that violates our Community Guidelines.

Details: